Tous les personnages d'Astérix - Statistiques

Statistiques générales
  • Ce quiz a été pris 144 fois
    11 depuis la dernière actualisation
  • Le résultat moyen est 41 sur 499
Statistiques - réponses
Première apparition Nom du personnage % Correct
Astérix le Gaulois Abraracourcix
100%
Astérix le Gaulois Astérix
100%
Astérix le Gaulois Cétautomatix
100%
Astérix et Cléopâtre Cléopâtre
100%
Astérix et Cléopâtre Idéfix
100%
Astérix le Gaulois Jules César
100%
La Zizanie Mme Cétautomatix
100%
Astérix le Gaulois Obélix
100%
Astérix le Gaulois Panoramix
100%
Astérix le Gaulois Assurancetourix
83%
Le bouclier Arverne Bonemine
83%
Astérix Légionnaire Falbala
83%
Astérix aux jeux olympiques Agecanonix
67%
La Serpe d'or Amérix
67%
Astérix Gladiateur Baba
67%
Astérix Gladiateur Barbe-Rouge
67%
Astérix Gladiateur Brutus
67%
Astérix Gladiateur Épidemaïs
67%
Astérix et les Normands Goudurix
67%
Astérix chez les Bretons Jolitorax
67%
La Zizanie Mme Agecanonix
67%
Astérix et Cléopâtre Numérobis
67%
Astérix en Hispanie Ordralfabétix
67%
Astérix chez Rahãzade Rahàzade
67%
Astérix Légionnaire Tragicomix
67%
Astérix et Cléopâtre Amonbofis
50%
Le combat des chefs Aplusbégalix
50%
Le bouclier Arverne Caius Joligibus
50%
Astérix le Gaulois Caligula Minus
50%
Le fils d'Astérix Césarion
50%
Le tour de Gaule d'Astérix César Labeldecadix
50%
Le Grand Fossé Comix
50%
Astérix en Hispanie Iélosubmarine
50%
Astérix et Latraviata Latraviata
50%
Astérix et les Normands Olaf Grossebaf
50%
Astérix en Hispanie Pépé
50%
Le Devin Prolix
50%
Astérix en Hispanie Soupalognon y Crouton
50%
Astérix et Cléopâtre Tournevis
50%
La Zizanie Tullius Détritus
50%
Astérix le Gaulois Vercingétorix
50%
Le Cadeau de César Zaza
50%
Astérix chez les Helvétes Zurix
50%
Le Grand Fossé Acidenitrix
33%
Astérix et Latraviata Astronomix
33%
Astérix le Gaulois Caius Bonus
33%
Astérix et la Rentrée Gauloise Chanteclairix
33%
Astérix et la Transitalique Coronavirus
33%
Astérix et la Rentrée Gauloise | Les lauriers de César Galantine
33%
Les lauriers de César Homéopatix
33%
La Serpe d'or Lentix
33%
La Rose et le Glaive Maestria
33%
Astérix et Latraviata Obélodalix
33%
Astérix en Corse Ocatarinetabelatchitchix
33%
Astérix chez les Helvétes Petisuix
33%
Les lauriers de César Tifus
33%
Le Grand Fossé Tournedix
33%
Astérix Gladiateur Triple-Pattes
33%
La Grande Traversée Zøødvinsen
33%
La fille de Vercingétorix Adrénaline
17%
Le bouclier Arverne Alambix
17%
Astérix et le Griffon Aplusdanlbus
17%
La Serpe d'or Avoranfix
17%
Astérix et les Normands Batdaf
17%
Le fils d'Astérix Bellodalix
17%
La fille de Vercingétorix Blinix
17%
Astérix et Latraviata Bonusmalus
17%
Astérix le Gaulois Claudius Quintilius
17%
Astérix Légionnaire Courdeténis
17%
Astérix chez les Helvétes Diplodocus
17%
Astérix et Latraviata Gélatine
17%
Astérix Gladiateur Gracchus Nenjetépus
17%
La Grande Traversée Kerøsen
17%
Astérix chez Rahãzade Kiçàh
17%
Le tour de Gaule d'Astérix Lucius Fleurdelotus
17%
Astérix et la Transitalique Madmax
17%
Astérix chez les Belges Manneken
17%
Astérix et les Goths Marcus Cubitus
17%
Astérix et Cléopâtre Misenplis
17%
Astérix et le Chaudron Moralélastix
17%
Astérix et les Goths Nenpeuplus
17%
Astérix et les Normands Omnibus
17%
Le Cadeau de César Orthopédix
17%
Astérix et Latraviata Pompée
17%
Astérix et les Normands Porquépix
17%
Astérix et Latraviata Praline
17%
Le tour de Gaule d'Astérix Quintilius
17%
Le Cadeau de César Roméomontaigus
17%
Astérix en Corse Salamix
17%
La Galère d'Obélix Spartakis
17%
Astérix et les Goths Téléféric
17%
Le bouclier Arverne Tomatojus
17%
Astérix chez les Belges Volfgangamadéus
17%
Astérix et la Transitalique Zerøgluten
17%
L'Odyssée d'Astérix Zérozérosix
17%
Obélix et Compagnie Absolumentexclus
0%
Astérix Légionnaire Acidcloridrix
0%
La fille de Vercingétorix Adictosérix
0%
Astérix chez les Pictes Afnor
0%
Astérix et la Rentrée Gauloise Albert Uderzo
0%
Astérix en Lusitanie Alégrès
0%
Astérix et les Normands Allégorix
0%
Les lauriers de César Alpaga
0%
Astérix en Lusitanie Amalia
0%
Le combat des chefs Amnésix
0%
Astérix chez les Belges Amoniake
0%
Obélix et Compagnie Analgésix
0%
Le Cadeau de César Angine
0%
Le Domaine des Dieux Anglaigus
0%
Le Grand Fossé Aniline
0%
Astérix et le Chaudron Antibiotix
0%
Le Papyrus de César Antivirus
0%
Astérix en Corse Appatix
0%
Le Papyrus de César Archéoptérix
0%
Astérix chez les Pictes Arnica
0%
Astérix et les Normands Arrédebus
0%
Obélix et Compagnie Arrierboutix
0%
Le Papyrus de César Asparagus
0%
Astérix et les Normands Autograf
0%
La Grande Traversée Åvånsen
0%
Le Ciel lui tombe sur la tête Avantipopulus
0%
Astérix et les Normands Aventurépix
0%
Astérix et la Transitalique Bacillus
0%
Le bouclier Arverne Bainpublix
0%
Le bouclier Arverne Ballondebaudrus
0%
Astérix et les Goths Barométrix
0%
Astérix et le Griffon BarovomaltinƎ
0%
Astérix et les Normands Bathyscaf
0%
Le tour de Gaule d'Astérix Beaufix
0%
Astérix en Hispanie Bégonia
0%
Astérix Légionnaire Belinconnus
0%
Astérix et les Normands Bellegaf
0%
Astérix en Lusitanie Benfica
0%
Le combat des chefs Berlix
0%
Astérix et la Transitalique Betåkårøten
0%
Astérix chez les Bretons Bidax
0%
Le Papyrus de César Bigdatha
0%
Astérix et la Transitalique Bioétix
0%
Obélix et Compagnie Biscornus
0%
Astérix et la Transitalique Blocus
0%
Astérix chez les Belges Boetanix
0%
Le combat des chefs Boufiltre
0%
Astérix et les Normands Boulimix
0%
Astérix en Lusitanie Boulquiès
0%
L'Iris Blanc Boxoffix
0%
Astérix et le Griffon Brisemenus
0%
Astérix Gladiateur Briseradius
0%
Astérix en Corse Caféolix
0%
La Zizanie Caius Aérobus
0%
Astérix chez les Helvétes Caius Eucaliptus
0%
Le Devin Caius Faipalgugus
0%
Astérix chez les Helvétes Caius Infarctus
0%
Le bouclier Arverne Caïus Laïus
0%
Astérix le Gaulois Caius Marchéopus
0%
Astérix Gladiateur Caius Obtus
0%
Astérix chez les Bretons Caius Roideprus
0%
Obélix et Compagnie Caius Saugrenus
0%
Astérix et la Transitalique Calandra
0%
Astérix et la Transitalique Calendos
0%
Astérix Gladiateur Caligula Alavacomgetepus
0%
Astérix chez les Pictes Camomilla
0%
Astérix et les Normands Caraf
0%
Astérix en Corse Carferrix
0%
Astérix et Latraviata Cartapus
0%
Astérix et les Goths Casseurdebric
0%
Astérix chez les Bretons Cassivellaunos
0%
Astérix chez les Pictes Catalpa
0%
Le combat des chefs Catédralgotix
0%
Astérix Légionnaire Cédupeuojus
0%
Astérix en Lusitanie Céhespéplus
0%
Astérix et le Griffon CƎkankondinƎ
0%
Astérix chez Rahãzade Cékouhaçà
0%
Astérix et le Griffon Célastus
0%
Astérix et les Normands Cénotaf
0%
Les lauriers de César Cepaderefus
0%
Astérix et la Rentrée Gauloise Cétaubofix
0%
La Galère d'Obélix Cétinconcensus
0%
Astérix le Gaulois Cétyounix
0%
Le tour de Gaule d'Astérix Changélédix
0%
Astérix aux jeux olympiques Chaussetrus
0%
Astérix Légionnaire Chimeric
0%
Astérix en Corse Chipolata
0%
L'Anniversaire d'Astérix et Obélix-Le Livre d'Or Choléramorbus
0%
Astérix et Cléopâtre Chorus
0%
Obélix et Compagnie Choucroutgarnix
0%
Astérix et les Goths Cicatrix
0%
Astérix et les Normands Cinématograf
0%
L'Odyssée d'Astérix Classis
0%
Le Devin Claudius Blocus
0%
Le Cadeau de César Claudius Bouilleurdecrus
0%
Astérix aux jeux olympiques Claudius Cornedurus
0%
Le bouclier Arverne Claudius Hypoténus
0%
Astérix chez les Helvétes Claudius Malosinus
0%
La Serpe d'or Claudius Metrobus
0%
Astérix en Hispanie Claudius Nonpossumus
0%
La Rose et le Glaive Claudius Prenlomnibus
0%
Les lauriers de César Claudius Quiquilfus
0%
Astérix et les Goths Cloridric
0%
Astérix et les Normands Complètemenpaf
0%
Le bouclier Arverne Cornelia
0%
La Rose et le Glaive Cosmétix
0%
Astérix et les Goths Coudetric
0%
Astérix et la Transitalique Courjus
0%
Astérix et la Transitalique Crésus Lupus
0%
Astérix et les Normands Dactilograf
0%
Astérix et le Griffon Dansonjus
0%
Le fils d'Astérix Déboitemenduménix
0%
Astérix chez Rahãzade Décubitus
0%
Le bouclier Arverne Diagnostix
0%
La fille de Vercingétorix Dislexix
0%
Astérix et le Chaudron Distributiondéprix
0%
Obélix et Compagnie Doicrochus
0%
Astérix et la Transitalique Dolcevita
0%
Le Papyrus de César Doublepolémix
0%
Le Domaine des Dieux Duplicatha
0%
Astérix et la Transitalique Ecotax
0%
Astérix et les Goths Électric
0%
Astérix et le Chaudron Éléonoradus
0%
Astérix et les Normands Élévedelix
0%
Astérix en Lusitanie Élonemus
0%
Le tour de Gaule d'Astérix Encorutilfaluquejelesus
0%
Astérix et les Normands Épaf
0%
Astérix et les Normands Épitaf
0%
Le tour de Gaule d'Astérix Éponine
0%
Astérix et la Transitalique Érasmus
0%
Le tour de Gaule d'Astérix Erix
0%
Le tour de Gaule d'Astérix Faimoiducuscus
0%
Astérix et les Goths Faitexcus
0%
Astérix et le Griffon Fakenius
0%
Le Grand Fossé Fanzine
0%
Astérix Légionnaire Faupayélatax
0%
Astérix aux jeux olympiques Fécarabos
0%
Astérix chez les Helvétes Fellinus
0%
Astérix en Hispanie Fercorus
0%
Astérix en Corse Figatellix
0%
Astérix Légionnaire Figuralégoric
0%
Le tour de Gaule d'Astérix Flavia
0%
Astérix en Lusitanie Gama
0%
Les lauriers de César Garedefréjus
0%
Astérix aux jeux olympiques Garmonparnas
0%
Astérix et Latraviata Garotiphus
0%
Astérix et le Griffon GarozƎpinƎ
0%
Le Papyrus de César Gasdechix
0%
Astérix et le Griffon GasturbinƎ
0%
Les lauriers de César Gâtessos
0%
Astérix en Corse Gazpachoandalus
0%
Le tour de Gaule d'Astérix Général Motus
0%
Astérix en Lusitanie Gépéhès
0%
Astérix et Cléopâtre Ginfis
0%
Les lauriers de César Gracchus
0%
Le bouclier Arverne Gracchus Arquebus
0%
Astérix chez les Helvétes Gracchus Garovirus
0%
La Serpe d'or Gracchus Pleindastus
0%
Astérix le Gaulois Gracchus Sextilius
0%
La Grande Traversée Gudrun
0%
Astérix chez les Belges Gueuselambix
0%
Le Domaine des Dieux Guilus
0%
Astérix et la Transitalique Gymtonic
0%
Les lauriers de César Habeascorpus
0%
La Grande Traversée Hållgerd
0%
Obélix et Compagnie Harenbaltix
0%
Astérix en Corse Hérettix
0%
La Grande Traversée Hertrud
0%
Astérix et les Goths Histéric
0%
Astérix Légionnaire Hotelterminus
0%
La Galère d'Obélix Hyapados
0%
Astérix et le Griffon Ibernatus
0%
Le Papyrus de César Imporexpor
0%
Le combat des chefs Industrichimix
0%
Astérix aux jeux olympiques Invinoveritas
0%
Astérix chez les Bretons Ipipourax
0%
La fille de Vercingétorix Ipocalorix
0%
Le Papyrus de César Ipsos
0%
L'Odyssée d'Astérix Isaïe
0%
Astérix et le Griffon Jolicursus
0%
L'Odyssée d'Astérix Josué Pazihalé
0%
Astérix et le Chaudron Juleraimus
0%
Le fils d'Astérix Julius Épinedecactus
0%
Astérix et les Goths Julius Humérus
0%
Astérix le Gaulois Julius Pompilius
0%
Astérix et le Griffon Kalachnikovna
0%
Astérix chez Rahãzade Karédas
0%
Astérix et le Griffon KastachopinƎ
0%
Le Papyrus de César Kefélapolis
0%
Astérix Gladiateur Keskonrix
0%
Astérix chez Rahãzade Kiwoàlàh
0%
Astérix et le Griffon KlorokinƎ
0%
Astérix et le Griffon KolonarinƎ
0%
Astérix et le Griffon Krakatovna
0%
Astérix en Hispanie Lachélechampignon y Causon
0%
Astérix et la Transitalique Lactus Bifidus
0%
Le combat des chefs Langélus
0%
Astérix et la Transitalique Lebolos
0%
L'Iris Blanc Lédeumagos
0%
Astérix en Lusitanie Lefricséchix
0%
Astérix chez les Pictes Légéiatus
0%
Astérix et la Rentrée Gauloise Le Printemps
0%
La fille de Vercingétorix Letitbix
0%
Astérix et la Rentrée Gauloise L'Hiver
0%
Obélix et Compagnie Linguistix
0%
Astérix et les Goths Liric
0%
Astérix et le Griffon Lobotovna
0%
Le bouclier Arverne Lucius Coquelus
0%
La fille de Vercingétorix Ludwikamadéus
0%
Astérix Gladiateur Lupus
0%
Astérix chez les Pictes Mac Abbeh
0%
Astérix chez les Bretons Mac Anotérapix
0%
Astérix chez les Pictes Mac Atrell
0%
Astérix chez les Pictes Mac Aye
0%
Astérix chez les Pictes Mac Keul
0%
Astérix chez les Pictes Mac Lop
0%
Astérix chez les Pictes Mac Mamah
0%
Astérix chez les Pictes Mac Mini
0%
Astérix chez les Pictes Mac Oloch
0%
Astérix chez les Pictes Mac Ramp
0%
Astérix chez les Pictes Mac Reese
0%
Astérix chez les Pictes Mac Robiotik
0%
L'Iris Blanc Macrobiotix
0%
Astérix chez les Pictes Mac Stock
0%
Astérix chez les Belges Madamboevarix
0%
Astérix chez les Belges Maelenkolix
0%
Obélix et Compagnie Malentendus
0%
La Grande Traversée Målsen
0%
Astérix et le Griffon Maminovna
0%
Le bouclier Arverne Marcus Perrus
0%
Astérix le Gaulois Marcus Sacapus
0%
Astérix et les Normands Mataf
0%
Astérix en Lusitanie Mavubès
0%
Astérix en Lusitanie Meïdinazix
0%
Astérix et le Griffon Mercidetvenus
0%
Astérix chez Rahãzade Mercikhi
0%
Le tour de Gaule d'Astérix Milexcus
0%
Astérix en Corse Minéralogix
0%
Astérix aux jeux olympiques Mixomatos
0%
La fille de Vercingétorix Monolitix
0%
Obélix et Compagnie Monosyllabix
0%
La Zizanie Montladsus
0%
Astérix et Latraviata Motussébouchecousus
0%
Astérix Légionnaire Mouléfix
0%
Astérix et la Transitalique Mozzarella
0%
Astérix en Hispanie Namaspamus
0%
Astérix et le Griffon Nautilus
0%
La Grande Traversée Neuillisursen
0%
Astérix chez les Belges Nicotine
0%
Astérix en Lusitanie Nioubiznès
0%
Astérix et la Transitalique Niphéniafer
0%
Astérix et la Rentrée Gauloise Noiraud
0%
Astérix et la Transitalique Nonantesix
0%
La fille de Vercingétorix Nosfératus
0%
Astérix en Lusitanie Nouvelopus
0%
Astérix chez les Pictes Numérus Clausus
0%
Astérix et la Rentrée Gauloise Obélisc'h
0%
La Grande Traversée Øbsen
0%
La fille de Vercingétorix Ocunexcus
0%
Le tour de Gaule d'Astérix Odalix
0%
Astérix et la Rentrée Gauloise Oftalmologix
0%
Astérix et la Transitalique Ogouguimov
0%
Astérix aux jeux olympiques Okéibos
0%
Astérix et les Normands Olibrius
0%
Astérix et la Transitalique Oliounidislov
0%
L'Iris Blanc Oranjajus
0%
Le Domaine des Dieux Orsenplus
0%
Astérix et la Transitalique Osdusmic
0%
Astérix en Corse Osterlix
0%
Astérix chez les Bretons O'Torinolaringologix
0%
Astérix chez les Pictes Ouiskix
0%
Astérix en Lusitanie Oxala
0%
Astérix et Cléopâtre Pacotéalargus
0%
Astérix et les Goths Pamplemus
0%
Astérix et les Normands Paraf
0%
Astérix et les Goths Pardessus
0%
Astérix en Corse Parlomba
0%
Astérix chez les Belges Parterredecrocus
0%
Astérix en Lusitanie Paruvendus
0%
Astérix et les Goths Pasdfric
0%
Astérix et les Goths Passmoilcric
0%
Astérix et la Transitalique Pataquès
0%
Astérix en Corse Patologix
0%
Astérix en Lusitanie Pavupaprix
0%
Astérix et le Griffon Pégase
0%
Le bouclier Arverne Percaline
0%
Le combat des chefs Perclus
0%
Astérix et le Griffon Perdudvus
0%
Astérix et les Goths Périféric
0%
La Grande Traversée Périférix
0%
Le tour de Gaule d'Astérix Petilarus
0%
Obélix et Compagnie Petitélégrafix
0%
Astérix chez les Bretons Pétula
0%
Astérix en Lusitanie Pirespès
0%
Astérix et les Normands Plaf
0%
Astérix en Corse Plaindetix
0%
Astérix Gladiateur Plaintcontrix
0%
Astérix et Latraviata Plantaquatix
0%
Astérix Légionnaire Plazadetoros
0%
Astérix aux jeux olympiques Plexiglas
0%
Le tour de Gaule d'Astérix Plexus
0%
Le combat des chefs Plutoqueprévus
0%
Astérix en Lusitanie Pluvalus
0%
Astérix et les Normands Pneumatix
0%
Astérix et la Transitalique Pocatalitix
0%
L'Odyssée d'Astérix Ponce Pénates
0%
Astérix et le Chaudron Porc-Épix
0%
Astérix chez Rahãzade Pourkoipàh
0%
Astérix et les Goths Préfix
0%
Astérix et la Rentrée Gauloise Premiéprix
0%
Astérix Légionnaire Processus
0%
Le Papyrus de César Promoplus
0%
Le bouclier Arverne Pronostix
0%
La Galère d'Obélix Prospectus
0%
Astérix et la Transitalique Purmerinos
0%
Le tour de Gaule d'Astérix Quatrédeusix
0%
Le tour de Gaule d'Astérix Quelquilfus
0%
Le Grand Fossé Racinecubix
0%
Le tour de Gaule d'Astérix Radius
0%
Astérix en Corse Ramollix
0%
Astérix et la Transitalique Reflus
0%
Astérix chez les Bretons Relax
0%
Astérix et la Rentrée Gauloise René Goscinny
0%
Le Papyrus de César Rézowifix
0%
Astérix Gladiateur Rictus
0%
Astérix et la Transitalique Ripilaf
0%
Astérix et la Rentrée Gauloise Roussette
0%
Astérix en Lusitanie Royaltchis
0%
L'Iris Blanc Sacerdos
0%
Astérix chez les Belges Saintlouisblus
0%
L'Odyssée d'Astérix Samson Pludechorus
0%
Astérix et les Goths Satiric
0%
Le Grand Fossé Saudepus
0%
L'Odyssée d'Astérix Saül Péhyé
0%
La Zizanie Savancosinus
0%
Astérix aux jeux olympiques Scarfas
0%
Astérix en Corse Sciencinfus
0%
Astérix Légionnaire Scipion
0%
Le Grand Fossé Ségrégationnix
0%
La fille de Vercingétorix Selfix
0%
Astérix et les Normands Selfservix
0%
Astérix et les Goths Septantesix
0%
Astérix chez Rahãzade Seurhàne
0%
La fille de Vercingétorix Simplebasix
0%
Astérix en Corse Sinfonix
0%
L'Iris Blanc Sipilinclus
0%
Astérix et la Transitalique Solilès
0%
Astérix chez les Belges Sousentendus
0%
L'Odyssée d'Astérix Soutienmordicus
0%
Astérix en Lusitanie Spikrine
0%
Astérix et les Normands Sténograf
0%
La Zizanie Stradivarius
0%
La fille de Vercingétorix Strictosensus
0%
Astérix en Corse Suelburnus
0%
La fille de Vercingétorix Surimix
0%
Astérix chez les Bretons Surtax
0%
Astérix et la Rentrée Gauloise Tadedétritus
0%
Le Grand Fossé Tadevirus
0%
Astérix chez les Pictes Taglabribus
0%
Le fils d'Astérix Taxensus
0%
Astérix et le Griffon Terrinconus
0%
Astérix et les Goths Théoric
0%
Le Grand Fossé Théorix
0%
Astérix et la Transitalique Thermocumulus
0%
Les lauriers de César Tibia
0%
Le tour de Gaule d'Astérix Tikedbus
0%
Les lauriers de César Titus Résidus
0%
Le Cadeau de César Tohubohus
0%
Le Ciel lui tombe sur la tête Toune
0%
Astérix et la Transitalique Toutunafer
0%
Astérix et le Griffon Tripatovna
0%
Astérix et le Griffon Trodêxês de Collagène
0%
Astérix et la Transitalique Trodtaf
0%
Astérix en Corse Tropolix
0%
Astérix chez les Belges Trottemenus
0%
Astérix en Lusitanie Tubecatodix
0%
Le Grand Fossé Tullius Cumulonimbus
0%
Le bouclier Arverne Tullius Franfrelus
0%
Astérix aux jeux olympiques Tullius Mordicus
0%
Astérix le Gaulois Tullius Octopus
0%
Astérix chez les Bretons Tullius Stratocumulus
0%
Astérix et Cléopâtre Tumehéris
0%
Astérix et le Griffon Tutévucantabus
0%
Astérix en Lusitanie Twingos
0%
Le Papyrus de César Ultrarépandus
0%
Obélix et Compagnie Uniprix
0%
Astérix chez les Belges Vandeuléflix
0%
Astérix chez les Belges Vanendfaillevesix
0%
Astérix chez les Belges Vendécosmétix
0%
La Zizanie Véracrus
0%
L'Iris Blanc Vicévertus
0%
La Zizanie Victoiralapirus
0%
La Grande Traversée Vigtis
0%
Astérix en Lusitanie Vindemès
0%
Astérix en Corse Violonccellix
0%
Astérix en Lusitanie Viriate
0%
Astérix et la Transitalique Vivajuventus
0%
Astérix et le Griffon WolvƎrinƎ
0%
La Galère d'Obélix Yapadebonus
0%
Le tour de Gaule d'Astérix Yenapus
0%
Astérix chez les Pictes Zaplézactus
0%
Astérix chez les Bretons Zebigbos
0%
Astérix Gladiateur Ziguépus
0%
Aucun quiz correspondant
Distribution des résultats
% des personnes avec chaque résultat
Percentile par nombre de réponses
Votre historique - résultats
Vous n’avez pas pris ce quiz depuis la dernière actualisation